000 00279nam a22001337a 4500
008 181102b xxu||||| |||| 00| 0 eng d
020 _a9780072921915
041 _aeng
080 _a510
100 _a37
101 _aMAT
245 _aClculus
_cHoffman, L.D
942 _2udc
_cBK
999 _c51660
_d51660